Drag Race France S1 - Statistiques

Statistiques générales
  • Ce quiz a été pris 221 fois
  • Le résultat moyen est 9 sur 10
Statistiques - réponses
Place Queen % Correct
1 Paloma
99%
5 La Big Bertha
96%
2 La Grande Dame
96%
3 Soa de Muse
96%
4 Lolita Banana
93%
8 La Briochée
92%
6 Elips
90%
7 Kam Hugh
89%
10 La Kahena
87%
9 Lova Ladiva
86%
Aucun quiz correspondant
Distribution des résultats
% des personnes avec chaque résultat
Percentile par nombre de réponses
Votre historique - résultats
Vous n’avez pas pris ce quiz